Psicoanalísis y moral /
Guardado en:
| Autor Principal: | |
|---|---|
| Formato: | Libro |
| Publicado: |
Buenos Aires :
Psique,
1975
|
| Etiquetas: |
Agregar Etiqueta
Sin Etiquetas, Sea el primero en etiquetar este registro!
|
| LEADER | 00609nam a22001575a 4500 | ||
|---|---|---|---|
| 001 | CEM.cems005444 | ||
| 005 | 20060220000000.0 | ||
| 008 | 130507s1975##################000#0#####d | ||
| 003 | CEMS | ||
| 082 | 0 | 4 | |a 131.34 |
| 100 | 1 | |a Richard, Gustave | |
| 245 | 1 | 0 | |a Psicoanalísis y moral / |
| 260 | |a Buenos Aires : |b Psique, |c 1975 | ||
| 300 | |a 206 p. | ||
| 505 | 0 | |a El aparato psiquico; Actos fallidos; Los suenos; Etapas de evolución de la libido; El caracter; La simultaneidad emoción-musculo; El orgasmo; Etiologia general ante el problema de la psicoterapia. | |
| 859 | |a CEMS |b BIB. CEMS - 11 de abril |h 131.34 |i R383 |p 13349.85 |t Ej.1 | ||
